[Event "POL-chT 2nd League"]
[Site "Sypniewo"]
[Date "2021.09.05"]
[Round "2.1"]
[White "Velicka, Petr"]
[Black "Gola, Karol"]
[Result "1-0"]
[WhiteElo "2393"]
[BlackElo "2174"]
[PlyCount "65"]
[EventDate "2021.09.04"]
[EventType "team-swiss"]
[EventRounds "9"]
[EventCountry "POL"]
[SourceTitle "CBM 204 Extra"]
[Source "ChessBase"]
[SourceDate "2021.11.30"]
[SourceVersion "1"]
[SourceVersionDate "2021.11.30"]
[SourceQuality "1"]
[WhiteTeam "Kopernik WKS"]
[BlackTeam "Gliwice Politechnika Slaska"]
[WhiteTeamCountry "POL"]
[BlackTeamCountry "POL"]

1. e4 c5 2. Nf3 e6 3. d4 cxd4 4. Nxd4 a6 5. Bd3 Bc5 6. Nb3 Be7 7. Qg4 g6 8. Qe2 d6 9. 0-0 Nd7 10. c4 Ne5 11. f3 Nf6 12. Bh6 Bf8 13. Bxf8 Kxf8 14. f4 Nxd3 15. Qxd3 Ke7 16. Nc3 b6 17. Rad1 Bb7 18. e5 Ne8 19. Qe3 Qc7 20. Nd5+ Bxd5 21. cxd5 dxe5 22. fxe5 exd5 23. Rc1 Qb7 24. Nd4 Rc8 25. Qg5+ Kf8 26. Ne6+ Kg8 27. Qh6 Qe7 28. Rxc8 Qxe6 29. Qf4 Kg7 30. Rfc1 Rf8 31. R8c6 Qd7 32. Qd4 f6 33. e6 1-0

[Event "POL-chT 2nd League"]
[Site "Sypniewo"]
[Date "2021.09.04"]
[Round "1.15"]
[White "Gola, Karol"]
[Black "Wesolowski, Edgar"]
[Result "1/2-1/2"]
[WhiteElo "2174"]
[BlackElo "1951"]
[PlyCount "43"]
[EventDate "2021.09.04"]
[EventType "team-swiss"]
[EventRounds "9"]
[EventCountry "POL"]
[SourceTitle "CBM 204 Extra"]
[Source "ChessBase"]
[SourceDate "2021.11.30"]
[SourceVersion "1"]
[SourceVersionDate "2021.11.30"]
[SourceQuality "1"]
[WhiteTeam "Gliwice Politechnika Slaska"]
[BlackTeam "Wolsztyn UKS Szach"]
[WhiteTeamCountry "POL"]
[BlackTeamCountry "POL"]

1. e4 c5 2. Nf3 d6 3. Bb5+ Bd7 4. Bxd7+ Nxd7 5. 0-0 g6 6. c3 Ngf6 7. Re1 c4 8. Qa4 Rc8 9. b3 cxb3 10. axb3 Bh6 11. e5 dxe5 12. Nxe5 0-0 13. Nxd7 Nxd7 14. Ba3 Nc5 15. Bxc5 Rxc5 16. Qxa7 Qc7 17. d4 Rh5 18. h3 Bf4 19. c4 Qd7 20. d5 e6 21. Qd4 Qd6 22. Nc3 1/2-1/2

[Event "POL-chT 2nd League"]
[Site "Poronin"]
[Date "2020.09.12"]
[Round "8.13"]
[White "Bardeli, Lukasz"]
[Black "Gola, Karol"]
[Result "1/2-1/2"]
[WhiteElo "2189"]
[BlackElo "2192"]
[PlyCount "73"]
[EventDate "2020.09.05"]
[EventType "team-swiss"]
[EventRounds "9"]
[EventCountry "POL"]
[SourceTitle "CBM 198 Extra"]
[Source "ChessBase"]
[SourceDate "2020.11.30"]
[SourceVersion "1"]
[SourceVersionDate "2020.11.30"]
[SourceQuality "1"]
[WhiteTeam "Chrobry Gniezno"]
[BlackTeam "Gliwice Politechnika Slaska"]
[WhiteTeamCountry "POL"]
[BlackTeamCountry "POL"]

1. Nf3 d5 2. c4 c6 3. b3 Bg4 4. Bb2 Nd7 5. g3 Ngf6 6. Bg2 e6 7. 0-0 Bd6 8. d4 0-0 9. Nbd2 Qe7 10. a3 Rfe8 11. Ne5 Bf5 12. Ndf3 h6 13. Nxd7 Nxd7 14. Nd2 Nf6 15. Re1 Rad8 16. e4 dxe4 17. Nxe4 Nxe4 18. Bxe4 Bxe4 19. Rxe4 f5 20. Re3 c5 21. d5 e5 22. Qh5 Qf7 23. Qxf7+ Kxf7 24. Rae1 e4 25. f3 Be5 26. Bxe5 Rxe5 27. fxe4 Rde8 28. Kf2 fxe4 29. Ke2 Ke7 30. Rf1 a6 31. Rf4 Kd6 32. g4 h5 33. Rh3 b5 34. gxh5 bxc4 35. bxc4 Rb8 36. h6 Rb2+ 37. Ke1 1/2-1/2

[Event "POL-chT 2nd League"]
[Site "Poronin"]
[Date "2020.09.05"]
[Round "1.12"]
[White "Gola, Karol"]
[Black "Fus, Jakub"]
[Result "1/2-1/2"]
[WhiteElo "2192"]
[BlackElo "2410"]
[PlyCount "64"]
[EventDate "2020.09.05"]
[EventType "team-swiss"]
[EventRounds "9"]
[EventCountry "POL"]
[SourceTitle "CBM 198 Extra"]
[Source "ChessBase"]
[SourceDate "2020.11.30"]
[SourceVersion "1"]
[SourceVersionDate "2020.11.30"]
[SourceQuality "1"]
[WhiteTeam "Gliwice Politechnika Slaska"]
[BlackTeam "Warszawa Czternastka"]
[WhiteTeamCountry "POL"]
[BlackTeamCountry "POL"]

1. e4 c5 2. Nf3 Nc6 3. Bb5 g6 4. 0-0 Bg7 5. Re1 e5 6. Bxc6 dxc6 7. d3 Qc7 8. Be3 b6 9. Nbd2 Nf6 10. Nc4 Nd7 11. Qd2 0-0 12. Bh6 Re8 13. Bxg7 Kxg7 14. h3 f6 15. Nh2 Nf8 16. Ng4 Qe7 17. Qh6+ Kg8 18. Re3 Bxg4 19. hxg4 Ne6 20. g3 Qg7 21. Qxg7+ Kxg7 22. Rf1 g5 23. Kg2 Rh8 24. Rh1 Nd4 25. c3 Ne6 26. Nd6 Kg6 27. Nf5 h6 28. Ne7+ Kf7 29. Nf5 Kg6 30. Ne7+ Kf7 31. Nf5 Kg6 32. Ne7+ Kf7 1/2-1/2

[Event "POL-chT 2nd League"]
[Site "Jastrzebia Gora"]
[Date "2019.09.10"]
[Round "4.2"]
[White "Gola, Karol"]
[Black "Mika, Tomasz1111"]
[Result "0-1"]
[WhiteElo "2203"]
[BlackElo "2136"]
[PlyCount "78"]
[EventDate "2019.09.07"]
[EventType "team-swiss"]
[EventRounds "9"]
[EventCountry "POL"]
[SourceTitle "EXT 2020"]
[Source "ChessBase"]
[SourceDate "2019.10.17"]
[SourceVersion "1"]
[SourceVersionDate "2019.10.17"]
[SourceQuality "1"]
[WhiteTeam "Gliwice Politechnika Slaska"]
[BlackTeam "Czarna LKSz"]
[WhiteTeamCountry "POL"]
[BlackTeamCountry "POL"]

1. e4 e6 2. d4 d5 3. exd5 exd5 4. Nf3 Bd6 5. c4 dxc4 6. Bxc4 Nf6 7. 0-0 0-0 8. Nc3 Nbd7 9. Bg5 c6 10. Re1 Nb6 11. Bb3 Bg4 12. h3 Bh5 13. g4 Bg6 14. Ne5 Re8 15. f4 c5 16. f5 cxd4 17. fxg6 Rxe5 18. Bxf7+ Kh8 19. Rxe5 Bxe5 20. Qe1 Qd6 21. Ne4 Nxe4 22. Qxe4 Rf8 23. Qxb7 d3 24. Qe4 Bxb2 25. Rd1 Qg3+ 26. Qg2 Bd4+ 27. Kh1 Qe5 28. Bh4 hxg6 29. Bxg6 Nc4 30. Qe4 Qxe4+ 31. Bxe4 Nb2 32. Rd2 Bc3 33. Rf2 Rxf2 34. Bxf2 d2 35. Bc2 a5 36. Kg2 d1Q 37. Bxd1 Nxd1 38. Bb6 a4 39. Kf3 Bb4 0-1

[Event "POL-chT 2nd League"]
[Site "Szklarska Poreba"]
[Date "2017.09.05"]
[Round "4.2"]
[White "Gola, Karol"]
[Black "Mulet, Piotr"]
[Result "1-0"]
[WhiteElo "2207"]
[BlackElo "2323"]
[PlyCount "143"]
[EventDate "2017.09.02"]
[EventType "team-swiss"]
[EventRounds "9"]
[EventCountry "POL"]
[SourceTitle "CBM 180 Extra"]
[Source "ChessBase"]
[SourceDate "2017.10.06"]
[SourceVersion "1"]
[SourceVersionDate "2017.10.06"]
[SourceQuality "1"]
[WhiteTeam "Gliwice Politechnika Slaska"]
[BlackTeam "Pawlowice Gminy"]
[WhiteTeamCountry "POL"]
[BlackTeamCountry "POL"]

1. e4 d5 2. exd5 Qxd5 3. Nc3 Qa5 4. d4 Nf6 5. Nf3 Bg4 6. h3 Bh5 7. g4 Bg6 8. Ne5 c6 9. Bg2 Nbd7 10. Nxd7 Nxd7 11. d5 cxd5 12. Qxd5 Qxd5 13. Nxd5 0-0-0 14. Be3 e6 15. Nf4 Bc5 16. Ke2 Bxe3 17. Kxe3 e5 18. Nd5 Rhe8 19. Rad1 Nc5 20. Rd2 f5 21. gxf5 Bxf5 22. Bf3 Kb8 23. Rg1 g6 24. Bg4 Rf8 25. f3 Ne6 26. Rgd1 Nd4 27. c3 Ne6 28. Ne7 Rxd2 29. Rxd2 Nf4 30. h4 h5 31. Bxf5 gxf5 32. Rd6 Ng2+ 33. Kf2 Nxh4 34. Kg3 Kc7 35. Rh6 Nxf3 36. Kxf3 e4+ 37. Kf4 Rd8 38. Nxf5 Rd2 39. Kxe4 Rxb2 40. Rxh5 Rxa2 41. c4 Rd2 42. Nd4 Rg2 43. Kd5 a6 44. Rh7+ Kb8 45. c5 Rd2 46. Ke5 Rd1 47. Ne6 Re1+ 48. Kd6 Rd1+ 49. Ke7 Rc1 50. Kd6 Rd1+ 51. Ke7 Rc1 52. Rh8+ Ka7 53. Kd6 Rd1+ 54. Kc7 Re1 55. Nd8 Re7+ 56. Kd6 Rg7 57. Ne6 Rg1 58. Nc7 Rg6+ 59. Ne6 Rg1 60. Re8 Rd1+ 61. Kc7 Re1 62. Re7 Ka8 63. Kc8 Rb1 64. Nd8 Rb5 65. Nxb7 a5 66. c6 Rd5 67. Rd7 Rh5 68. Nxa5 Rxa5 69. c7 Rh5 70. Rd8 Rh7 71. Re8 Rf7 72. Kd8 1-0

[Event "POL-chT 2nd League"]
[Site "Szklarska Poreba"]
[Date "2017.09.04"]
[Round "3.2"]
[White "Wypych, Dominik"]
[Black "Gola, Karol"]
[Result "1/2-1/2"]
[WhiteElo "2120"]
[BlackElo "2207"]
[PlyCount "136"]
[EventDate "2017.09.02"]
[EventType "team-swiss"]
[EventRounds "9"]
[EventCountry "POL"]
[SourceTitle "CBM 180 Extra"]
[Source "ChessBase"]
[SourceDate "2017.10.06"]
[SourceVersion "1"]
[SourceVersionDate "2017.10.06"]
[SourceQuality "1"]
[WhiteTeam "Gostynin Gostmat 83"]
[BlackTeam "Gliwice Politechnika Slaska"]
[WhiteTeamCountry "POL"]
[BlackTeamCountry "POL"]

1. d4 d5 2. c4 e6 3. Nf3 Nf6 4. g3 Be7 5. Bg2 0-0 6. 0-0 Nbd7 7. Nbd2 c6 8. Qc2 b6 9. e4 Bb7 10. e5 Ne8 11. cxd5 cxd5 12. Re1 Rc8 13. Qd3 Nb8 14. Nf1 Ba6 15. Qd1 Nc6 16. a3 Na5 17. Ne3 b5 18. Bf1 Qb6 19. b4 Nc4 20. h4 Bb7 21. Bd3 f5 22. exf6 Nxf6 23. Nc2 Ne4 24. Bxe4 dxe4 25. Ng5 Bxg5 26. Bxg5 Nb2 27. Qe2 Nd3 28. Rf1 Qc7 29. Ne1 Qc6 30. Be3 Qc3 31. Ng2 a5 32. bxa5 Qxa5 33. Nf4 Nxf4 34. Bxf4 Qb6 35. Rab1 Qxd4 36. Qxb5 Bd5 37. Be3 Qe5 38. Rfc1 Rxc1+ 39. Rxc1 Rb8 40. Qd7 Qf6 41. Bg5 Qf7 42. Rc8+ Rxc8 43. Qxc8+ Qf8 44. Qxf8+ Kxf8 45. Kf1 Bc4+ 46. Ke1 Ke8 47. Kd2 Kd7 48. Kc3 Be2 49. Kd4 Bf3 50. Ke5 h5 51. Be3 Bd1 52. Kxe4 Bc2+ 53. Ke5 Bf5 54. Bc5 Kc6 55. Bf8 g6 56. Be7 Kb5 57. Kf4 Ka4 58. Bd6 Kb5 59. Kg5 Ka4 60. f3 Kb5 61. g4 hxg4 62. fxg4 Bc2 63. Kf6 Bd1 64. g5 Bh5 65. Kxe6 Ka4 66. Kd5 Kb5 67. Kd4 Ka4 68. Kc3 Be2 1/2-1/2

[Event "POL-chT 2nd League"]
[Site "Jastrzebia Gora"]
[Date "2016.09.10"]
[Round "8.23"]
[White "Gola, Karol"]
[Black "Pierzak, Rafael"]
[Result "1-0"]
[WhiteElo "2191"]
[BlackElo "2172"]
[PlyCount "80"]
[EventDate "2016.09.03"]
[EventType "team-swiss"]
[EventRounds "9"]
[EventCountry "POL"]
[SourceTitle "EXT 2017"]
[Source "ChessBase"]
[SourceDate "2016.10.25"]
[SourceVersion "1"]
[SourceVersionDate "2016.10.25"]
[SourceQuality "1"]
[WhiteTeam "Gliwice Politechnika Slaska"]
[BlackTeam "Dabrowa Gornicza Zaglebie II"]
[WhiteTeamCountry "POL"]
[BlackTeamCountry "POL"]

1. e4 e6 2. d4 d5 3. exd5 exd5 4. Nf3 Bd6 5. c4 c6 6. Nc3 Ne7 7. Bd3 dxc4 8. Bxc4 0-0 9. 0-0 Nd7 10. Re1 Nb6 11. Bb3 Bg4 12. h3 Bh5 13. g4 Bg6 14. Ne5 Kh8 15. Qf3 Bxe5 16. dxe5 Nbd5 17. Bg5 Nxc3 18. bxc3 Qc7 19. h4 h6 20. Bf4 Nd5 21. Bg3 Qa5 22. h5 Bh7 23. Rac1 Qc5 24. Bh4 Bg8 25. c4 Nb6 26. Qc3 Rfe8 27. Kg2 Re6 28. f4 Rae8 29. Bf2 Qf8 30. f5 R6e7 31. Bc5 Nd7 32. Bd6 Kh7 33. Bc2 Kh8 34. c5 Rc8 35. f6 gxf6 36. exf6 Rxe1 37. Bxf8 Re2+ 38. Kf3 Nxf8 39. Kxe2 Re8+ 40. Kf2 Ra8 1-0

[Event "POL-chT 2nd League"]
[Site "Jastrzebia Gora"]
[Date "2016.09.06"]
[Round "4.10"]
[White "Gola, Karol"]
[Black "Jagodzinski, Piotr"]
[Result "1/2-1/2"]
[WhiteElo "2191"]
[BlackElo "2241"]
[PlyCount "83"]
[EventDate "2016.09.03"]
[EventType "team-swiss"]
[EventRounds "9"]
[EventCountry "POL"]
[SourceTitle "EXT 2017"]
[Source "ChessBase"]
[SourceDate "2016.10.25"]
[SourceVersion "1"]
[SourceVersionDate "2016.10.25"]
[SourceQuality "1"]
[WhiteTeam "Gliwice Politechnika Slaska"]
[BlackTeam "Pegow Wieza"]
[WhiteTeamCountry "POL"]
[BlackTeamCountry "POL"]

1. e4 c6 2. d4 d5 3. Nc3 a6 4. Nf3 Bg4 5. Be2 e6 6. 0-0 Nf6 7. e5 Nfd7 8. Ng5 Bxe2 9. Nxe2 Be7 10. f4 g6 11. c3 c5 12. Be3 Nc6 13. Rf3 Qb6 14. Qd2 Rc8 15. Rh3 cxd4 16. Nxd4 Bxg5 17. Nxe6 d4 18. Nxd4 Be7 19. Nf5 Qc7 20. Nd6+ Bxd6 21. exd6 Qa5 22. g4 0-0 23. f5 Nf6 24. b4 Qd5 25. Qxd5 Nxd5 26. Bc5 Rfd8 27. Rd1 Nf6 28. Bb6 Rd7 29. Rg3 Ne4 30. Rgd3 Ne5 31. Re3 Nc4 32. Rxe4 Nxb6 33. f6 Kf8 34. Rd3 Rcd8 35. Rh3 Rxd6 36. Rxh7 Kg8 37. Rg7+ Kf8 38. Rh7 Rd1+ 39. Kf2 Kg8 40. Rg7+ Kf8 41. Rh7 Kg8 42. Kg2 1/2-1/2

[Event "POL-chT 2nd League"]
[Site "Jastrzebia Gora"]
[Date "2016.09.05"]
[Round "3.22"]
[White "Klementowski, Dawid"]
[Black "Gola, Karol"]
[Result "1/2-1/2"]
[WhiteElo "1928"]
[BlackElo "2191"]
[PlyCount "102"]
[EventDate "2016.09.03"]
[EventType "team-swiss"]
[EventRounds "9"]
[EventCountry "POL"]
[SourceTitle "EXT 2017"]
[Source "ChessBase"]
[SourceDate "2016.10.25"]
[SourceVersion "1"]
[SourceVersionDate "2016.10.25"]
[SourceQuality "1"]
[WhiteTeam "Rybnik MKSz"]
[BlackTeam "Gliwice Politechnika Slaska"]
[WhiteTeamCountry "POL"]
[BlackTeamCountry "POL"]

1. c4 e6 2. g3 d5 3. Bg2 Nf6 4. Nf3 Bd6 5. d3 0-0 6. 0-0 c6 7. Nc3 Nbd7 8. e4 dxe4 9. dxe4 Qe7 10. Bg5 Rd8 11. Qe2 e5 12. Nh4 Qf8 13. Nf5 h6 14. Be3 Bc7 15. Rad1 Ne8 16. g4 Nd6 17. h4 Nxf5 18. exf5 Qe7 19. g5 hxg5 20. hxg5 Nf8 21. Qf3 g6 22. fxg6 Nxg6 23. Rxd8+ Bxd8 24. Ne4 Qe6 25. Rd1 Be7 26. Bc5 Nh4 27. Qg3 Qg4 28. Nf6+ Bxf6 29. gxf6 Qxg3 30. fxg3 Nxg2 31. Kxg2 Bg4 32. Re1 Be6 33. b3 Rd8 34. Bb4 Kh7 35. Rxe5 Kg6 36. Re2 Kxf6 37. Bc3+ Kg6 38. Rd2 Rxd2+ 39. Bxd2 Bf5 40. a3 Bc2 41. b4 Bd3 42. c5 Kf5 43. Kf3 Ke5 44. Ke3 Bb5 45. Bc1 Kd5 46. Kd2 Kc4 47. Kc2 Ba4+ 48. Kb2 f5 49. Bf4 Kd4 50. Bc7 Kd3 51. Bd8 Kc4 1/2-1/2

[Event "POL-UKR U26"]
[Site "Lublin"]
[Date "2012.11.22"]
[Round "2.2"]
[White "Tkachenko, Dmitri"]
[Black "Gola, Karol"]
[Result "1/2-1/2"]
[WhiteElo "2272"]
[BlackElo "2211"]
[PlyCount "62"]
[EventDate "2012.11.21"]
[EventType "team-tourn"]
[EventRounds "5"]
[EventCountry "POL"]
[SourceTitle "CBM 151 Extra"]
[Source "ChessBase"]
[SourceDate "2012.12.18"]
[SourceVersion "1"]
[SourceVersionDate "2012.12.18"]
[SourceQuality "1"]
[WhiteTeam "Donetsk National Univ"]
[BlackTeam "Krakow Gorniczo Hutnicza Acad"]
[WhiteTeamCountry "UKR"]
[BlackTeamCountry "POL"]

1. d4 d5 2. Nf3 Nf6 3. Bf4 e6 4. e3 Bd6 5. Bxd6 Qxd6 6. Nbd2 0-0 7. Bd3 Nbd7 8. c3 e5 9. dxe5 Nxe5 10. Nxe5 Qxe5 11. h3 Ne4 12. Bxe4 dxe4 13. Qa4 Re8 14. 0-0-0 f5 15. g3 Be6 16. Qd4 Qa5 17. a3 Rad8 18. Qb4 Qxb4 19. axb4 Rd3 20. Nb1 Red8 21. Rxd3 Rxd3 22. Rd1 Rxd1+ 23. Kxd1 Kf7 24. Nd2 Kf6 25. h4 Ke5 26. c4 c6 27. Kc2 h6 28. Kc3 b6 29. Nb3 g5 30. hxg5 hxg5 31. Nd4 Bd7 1/2-1/2

[Event "POL-UKR U26"]
[Site "Lublin"]
[Date "2012.11.21"]
[Round "1.2"]
[White "Gola, Karol"]
[Black "Mazurchak, Bogdan"]
[Result "1/2-1/2"]
[WhiteElo "2211"]
[BlackElo "2213"]
[PlyCount "91"]
[EventDate "2012.11.21"]
[EventType "team-tourn"]
[EventRounds "5"]
[EventCountry "POL"]
[SourceTitle "CBM 151 Extra"]
[Source "ChessBase"]
[SourceDate "2012.12.18"]
[SourceVersion "1"]
[SourceVersionDate "2012.12.18"]
[SourceQuality "1"]
[WhiteTeam "Krakow Gorniczo Hutnicza Acad"]
[BlackTeam "Ternopol Economic Univ"]
[WhiteTeamCountry "POL"]
[BlackTeamCountry "UKR"]

1. e4 c5 2. Nf3 Nc6 3. Bb5 g6 4. Bxc6 dxc6 5. d3 Bg7 6. h3 e5 7. Nc3 Qe7 8. Be3 Nf6 9. Qd2 0-0 10. Bh6 Ne8 11. Nh2 Nd6 12. Bxg7 Kxg7 13. 0-0 g5 14. Qe2 f6 15. h4 h6 16. Rae1 Be6 17. b3 Qd7 18. h5 Nb5 19. Nxb5 cxb5 20. g4 a5 21. f3 a4 22. Rb1 b4 23. Rfc1 Rfd8 24. Nf1 axb3 25. axb3 Ra2 26. Ne3 Qd4 27. Kf1 Rda8 28. Nf5+ Bxf5 29. exf5 Qf4 30. Qe4 R8a7 31. Qxf4 gxf4 32. Ke2 Kf7 33. Kd2 Ke7 34. Re1 Kd6 35. Re4 Ra1 36. Ree1 Rxb1 37. Rxb1 Ra2 38. Re1 b5 39. Kc1 Ra1+ 40. Kd2 Ra3 41. Re4 Kd5 42. Re1 c4 43. Rb1 c3+ 44. Ke2 Ra2 45. Rc1 Kd4 46. Kf2 1/2-1/2

[Event "POL-chT 1st League"]
[Site "Poronin"]
[Date "2012.09.??"]
[Round "1"]
[White "Betkowski, Andrzej"]
[Black "Gola, Karol"]
[Result "0-1"]
[WhiteElo "2091"]
[BlackElo "2185"]
[PlyCount "136"]
[EventDate "2012.09.01"]
[EventType "team-tourn"]
[EventRounds "9"]
[EventCountry "POL"]
[SourceTitle "EXT 2013"]
[Source "ChessBase"]
[SourceDate "2012.11.22"]
[SourceVersion "1"]
[SourceVersionDate "2012.11.22"]
[SourceQuality "1"]
[WhiteTeam "Krakow TKKF Drogowiec"]
[BlackTeam "Gliwice Politechnika Slaska"]
[WhiteTeamCountry "POL"]
[BlackTeamCountry "POL"]

1. d4 d5 2. Nf3 Nf6 3. e3 e6 4. Bd3 Bd6 5. Nbd2 0-0 6. 0-0 c5 7. dxc5 Bxc5 8. Qe2 Nbd7 9. e4 dxe4 10. Nxe4 Be7 11. Rd1 Qc7 12. Bg5 h6 13. Bh4 Nd5 14. Bxe7 Nxe7 15. c4 b6 16. Nd6 Nc5 17. Bc2 Nc6 18. Nb5 Qe7 19. Ne5 Bb7 20. Nxc6 Bxc6 21. Nd4 Bb7 22. b4 Na6 23. a3 Rfd8 24. Be4 Rac8 25. Bxb7 Qxb7 26. Nb5 Qe7 27. Rxd8+ Rxd8 28. Rd1 Rxd1+ 29. Qxd1 Nb8 30. Qd6 Qxd6 31. Nxd6 Kf8 32. Kf1 Nc6 33. Ke2 Ke7 34. Ne4 f5 35. Nd2 Kd6 36. f4 e5 37. g3 a5 38. bxa5 bxa5 39. Kd3 e4+ 40. Kc3 a4 41. Nf1 Kc5 42. Ne3 Nd4 43. Nd1 Ne2+ 44. Kd2 Ng1 45. Kc3 Nf3 46. Nb2 Nxh2 47. Nxa4+ Kc6 48. Kd4 Nf1 49. Nc3 Nxg3 50. Nd5 g5 51. fxg5 hxg5 52. Ne7+ Kd7 53. Nxf5 Nxf5+ 54. Kxe4 Ke6 55. Kf3 Ke5 56. Kg4 Kf6 57. c5 Nd4 58. a4 Nc6 59. Kg3 Kf5 60. Kf3 g4+ 61. Kg3 Kg5 62. Kg2 Kf4 63. a5 Nxa5 64. Kf2 g3+ 65. Kg2 Nc6 66. Kg1 Kf3 67. Kf1 g2+ 68. Kg1 Nd4 0-1

[Event "POL-chT 1st League"]
[Site "Poronin"]
[Date "2012.09.??"]
[Round "8"]
[White "Gola, Karol"]
[Black "Swicarz, Maciej"]
[Result "0-1"]
[WhiteElo "2185"]
[BlackElo "2259"]
[PlyCount "140"]
[EventDate "2012.09.01"]
[EventType "team-tourn"]
[EventRounds "9"]
[EventCountry "POL"]
[SourceTitle "EXT 2013"]
[Source "ChessBase"]
[SourceDate "2012.11.22"]
[SourceVersion "1"]
[SourceVersionDate "2012.11.22"]
[SourceQuality "1"]
[WhiteTeam "Gliwice Politechnika Slaska"]
[BlackTeam "Wroclaw Polonia"]
[WhiteTeamCountry "POL"]
[BlackTeamCountry "POL"]

1. e4 c6 2. d4 d5 3. Nc3 a6 4. Nf3 Bg4 5. h3 Bxf3 6. Qxf3 e6 7. Bd3 Qb6 8. Ne2 Nf6 9. 0-0 dxe4 10. Bxe4 Nxe4 11. Qxe4 Nd7 12. c3 Be7 13. Bf4 0-0 14. Rfd1 Rfd8 15. Rd2 Qa5 16. Ng3 Rac8 17. Qe2 Nb6 18. Be5 Nd7 19. Bf4 Nb6 20. Nh5 g6 21. Ng3 Qb5 22. Qf3 Qd5 23. Qe2 Qb5 24. Qf3 Qd5 25. Qg4 Rd7 26. Re2 h5 27. Qf3 Qxf3 28. gxf3 c5 29. dxc5 Rxc5 30. Be3 Rc6 31. Bxb6 Rxb6 32. Nf1 Rd3 33. Ne3 Rbd6 34. Kf1 Bg5 35. Ree1 Bxe3 36. fxe3 Kg7 37. Re2 Kf6 38. Kf2 Kg5 39. Kg3 Rd2 40. Rae1 R6d3 41. h4+ Kf5 42. Kf2 f6 43. Rh1 e5 44. c4 Rd1 45. Rxd1 Rxd1 46. Rc2 e4 47. c5 Rh1 48. Kg3 exf3 49. c6 bxc6 50. Kxf3 Rh3+ 51. Kg2 Rxe3 52. Rxc6 Re6 53. Rc5+ Re5 54. Rc6 a5 55. a4 Re4 56. Rc5+ Kg4 57. Rxa5 Re2+ 58. Kf1 Rxb2 59. Ra6 Kxh4 60. Rxf6 g5 61. a5 Ra2 62. a6 g4 63. Rg6 g3 64. Rh6 Kg4 65. Rg6+ Kh3 66. Rg5 h4 67. Rg6 Kh2 68. Rg4 h3 69. Rg6 g2+ 70. Ke1 g1Q+ 0-1

[Event "POL-chT 2nd League"]
[Site "Mrzezyno"]
[Date "2011.09.11"]
[Round "9.29"]
[White "Kanarkiewicz, Michal"]
[Black "Gola, Karol"]
[Result "1-0"]
[WhiteElo "2013"]
[BlackElo "2163"]
[PlyCount "55"]
[EventDate "2011.09.03"]
[EventType "team-swiss"]
[EventRounds "9"]
[EventCountry "POL"]
[SourceTitle "EXT 2019"]
[Source "ChessBase"]
[SourceDate "2018.10.10"]
[SourceVersion "1"]
[SourceVersionDate "2018.10.10"]
[SourceQuality "1"]
[WhiteTeam "Gdynia Korsarz"]
[BlackTeam "Gliwice Politechnika Slaska"]
[WhiteTeamCountry "POL"]
[BlackTeamCountry "POL"]

1. e4 c5 2. Nf3 e6 3. d4 cxd4 4. Nxd4 a6 5. Bd3 Nf6 6. 0-0 Qc7 7. c4 Nc6 8. Nxc6 dxc6 9. Qe2 e5 10. Nc3 Be7 11. Be3 Ng4 12. Bd2 Be6 13. h3 Nf6 14. Be3 b5 15. f4 exf4 16. Bxf4 Qb6+ 17. Kh1 Rd8 18. e5 Nd7 19. Ne4 Nc5 20. Nd6+ Kf8 21. Bf5 Bxd6 22. Bxe6 Nxe6 23. exd6 Qd4 24. cxb5 Re8 25. Rae1 axb5 26. Be5 Qd5 27. Qf2 Nc5 28. Bxg7+ 1-0

[Event "POL-chT 2nd League"]
[Site "Mrzezyno"]
[Date "2011.09.08"]
[Round "6.35"]
[White "Gola, Karol"]
[Black "Smolka, Marcin"]
[Result "1-0"]
[WhiteElo "2163"]
[BlackElo "1891"]
[PlyCount "115"]
[EventDate "2011.09.03"]
[EventType "team-swiss"]
[EventRounds "9"]
[EventCountry "POL"]
[SourceTitle "EXT 2015"]
[Source "ChessBase"]
[SourceDate "2014.11.20"]
[SourceVersion "1"]
[SourceVersionDate "2014.11.20"]
[SourceQuality "1"]
[WhiteTeam "Gliwice Politechnika Slaska"]
[BlackTeam "Rybnik MKSz"]
[WhiteTeamCountry "POL"]
[BlackTeamCountry "POL"]

1. e4 e5 2. Nf3 Nc6 3. Nc3 Nf6 4. d4 exd4 5. Nxd4 Bb4 6. Nxc6 bxc6 7. Bd3 d5 8. exd5 cxd5 9. 0-0 0-0 10. Bg5 c6 11. Qf3 Bd6 12. Rfe1 h6 13. Bxf6 Qxf6 14. Qxf6 gxf6 15. Ne2 Rb8 16. b3 Be5 17. Rad1 Bd7 18. Ng3 Rfe8 19. Re3 Kf8 20. Nf5 Bxf5 21. Bxf5 Re7 22. g3 Rbe8 23. Kg2 Bb2 24. Rf3 Re1 25. Rxe1 Rxe1 26. Bd7 c5 27. Rd3 d4 28. Rf3 Re2 29. Bf5 Ke7 30. Bd3 Re5 31. Rf4 Bc1 32. Rg4 Rg5 33. Rh4 Rg8 34. f4 Rh8 35. Rh5 Ba3 36. Kf3 Kd6 37. g4 Bb4 38. h4 Re8 39. Be4 Rh8 40. g5 fxg5 41. hxg5 Ke6 42. Bd3 Ba5 43. Bc4+ Ke7 44. gxh6 Bb4 45. h7 Kf6 46. Bd3 Kg7 47. Rg5+ Kf8 48. Rd5 Ke7 49. Re5+ Kf8 50. Kg4 Kg7 51. Rg5+ Kf8 52. Kh5 Bd2 53. Rg4 Bb4 54. Kg5 a5 55. Kf6 a4 56. Rg7 c4 57. Rxf7+ Ke8 58. bxc4 1-0

[Event "POL-chT 2nd League"]
[Site "Mrzezyno"]
[Date "2011.09.05"]
[Round "3.76"]
[White "Gola, Karol"]
[Black "Olszynski, Kazimierz"]
[Result "1-0"]
[WhiteElo "2163"]
[BlackElo "2222"]
[PlyCount "63"]
[EventDate "2011.09.03"]
[EventType "team-swiss"]
[EventRounds "9"]
[EventCountry "POL"]
[SourceTitle "EXT 2019"]
[Source "ChessBase"]
[SourceDate "2018.10.10"]
[SourceVersion "1"]
[SourceVersionDate "2018.10.10"]
[SourceQuality "1"]
[WhiteTeam "Gliwice Politechnika Slaska"]
[BlackTeam "Prudnik LKS Zarzewie"]
[WhiteTeamCountry "POL"]
[BlackTeamCountry "POL"]

1. e4 g6 2. d4 Bg7 3. Nc3 d6 4. Be3 e6 5. Qd2 a6 6. f4 Ne7 7. Nf3 Nd7 8. Bd3 Nb6 9. 0-0 0-0 10. Rae1 Bd7 11. e5 Bc6 12. Ne4 Bxe4 13. Bxe4 Nc4 14. Qc1 Nxe3 15. Qxe3 d5 16. Bd3 Rc8 17. c3 Re8 18. g4 b6 19. Re2 a5 20. Rg2 c5 21. f5 exf5 22. gxf5 cxd4 23. cxd4 gxf5 24. Nh4 Kh8 25. Nxf5 Nxf5 26. Rxf5 Qc7 27. Rf1 Qc6 28. Rxf7 Qc1+ 29. Qxc1 Rxc1+ 30. Kf2 Rg8 31. Rd7 Rcc8 32. Ke2 1-0